000 00290nam a2200121Ia 4500
005 20251222154322.0
008 251222s9999||||xx |||||||||||||| ||spa||
020 _a978-84-291-1847-6
082 _a616.01/K76
100 _a"Kornberg, Arthur"
245 0 _aCuentos de microbios
942 _cLIB
999 _c33821
_d33821